Diseño de espesor de pavimento de concreto compactado con rodillo mediante el método propuesto por la asociación del cemento Portland aplicado al tramo de carretera San Sebastián de Yali- Condega
La realización de este estudio es implementar el diseño de espesores de pavimentos de concreto compactados con rodillos, en el tramo de carretera San Sebastián de Yali-Condega, y para ello se utilizara la norma internacional de la Asociación del cemento Portland, adaptada a este tipo de pavim...
| Main Authors: | , |
|---|---|
| Other Authors: | |
| Format: | Tesis Section = Libro |
| Language: | Undetermined Spanish |
| Published: |
Managua
UNI
2018
|
| Subjects: |
| LEADER | 01488nam a2200277Ia 4500 | ||
|---|---|---|---|
| 008 | 240830s9999 xx 000 0 und d | ||
| 040 | |a BIBLIOTECA-RUPAP Mon 625.85 S664 | ||
| 041 | |a spa | ||
| 082 | |a Mon 625.85 S664 | ||
| 100 | 1 | |a Smith Turcios, Irayda María | |
| 100 | 1 | |b Halford Sáenz, Ralph Sandy | |
| 245 | 1 | 0 | |a Diseño de espesor de pavimento de concreto compactado con rodillo mediante el método propuesto por la asociación del cemento Portland aplicado al tramo de carretera San Sebastián de Yali- Condega |
| 260 | |a Managua |b UNI |c 2018 | ||
| 300 | |a 74p. :il. | ||
| 500 | |a Contiene anexos: y CD. | ||
| 502 | |a Tesis (Ingeniero Civil)- UNI, 2018. | ||
| 520 | 3 | |a La realización de este estudio es implementar el diseño de espesores de pavimentos de concreto compactados con rodillos, en el tramo de carretera San Sebastián de Yali-Condega, y para ello se utilizara la norma internacional de la Asociación del cemento Portland, adaptada a este tipo de pavimentos de CCR, además la PAC ha propuesto una guía para pavimentos compactados con rodillos la cual contiene información al momento de implantar la metodología de diseño. | |
| 650 | 7 | |a PAVIMENTOS | |
| 650 | 7 | |b PAVIMENTOS DE ASFALTOS | |
| 650 | 7 | |c DISEÑO DE ESPESORES DE PAVIMENTOS | |
| 650 | 7 | |d CARRETERAS-MANTENIMIENTO Y REPARACION | |
| 650 | 7 | |e MATERIALES PARA CARRETERAS | |
| 700 | 1 | |a Tutor: |b Arévalo Gutiérrez, Alejandro | |
| 942 | |c BK |2 ddc | ||
| 991 | |a TESIS | ||
| 999 | |c 16148 | ||